| 000 | 00556nam a22001817a 4500 | ||
|---|---|---|---|
| 003 | OSt | ||
| 005 | 20140310182214.0 | ||
| 008 | 130906t xxu||||| |||| 00| 0 eng d | ||
| 050 |
_aG 128 _b.Sch378 1983 |
||
| 082 |
_aHS 947.1811 _bEa77 1983 |
||
| 100 |
_aSchreiber, Joan _916947 |
||
| 245 |
_aEastern hemisphere : _bEurope,Asia,Africa and Oceana / _cJoan Schreiber. |
||
| 260 |
_aIllinois : _bScott Foresman and Company, _c1983. |
||
| 300 |
_a512 p. ; _bill. some col. ; _c21 cm. |
||
| 650 |
_aEastern hemisphere _916948 |
||
| 942 |
_2lcc _cHS |
||
| 999 |
_c10553 _d10553 |
||